[Event "Eileen Tranmer mem"]
[Site "Brighton Int 7th"]
[Date "1985.12.??"]
[Round "6"]
[White "Jackson, Sheila"]
[Black "Coull, Alison Jane"]
[Result "1-0"]
[WhiteElo "2225"]
[BlackElo "1915"]
[PlyCount "89"]
[EventDate "1985.12.12"]
[EventType "tourn"]
[EventRounds "9"]
[EventCountry "ENG"]

1. e4 e6 2. d4 d5 3. Nd2 a6 4. Ngf3 c5 5. exd5 exd5 6. dxc5 Bxc5 7. Nb3 Ba7 8.
Bd3 Qe7+ 9. Qe2 Nc6 10. Bg5 Qxe2+ 11. Bxe2 Nge7 12. O-O O-O 13. Rad1 Re8 14.
Rd2 Bg4 15. h3 Bh5 16. Rfd1 h6 17. Bf4 Rad8 18. c3 Bg6 19. Kf1 Be4 20. Nfd4
Nxd4 21. Nxd4 Ng6 22. Bg3 Bxd4 23. cxd4 Rc8 24. Bg4 f5 25. Bh5 Re6 26. Re1 Rf6
27. Be5 Rb6 28. Bd1 f4 29. Bb3 f3 30. gxf3 Bxf3 31. Rd3 Nxe5 32. dxe5 Bh5 33.
Bxd5+ Kh7 34. Bb3 Bg6 35. Rd2 Bf5 36. Kg2 Re8 37. f4 Re7 38. h4 Kg6 39. Kf3 Kh5
40. Rg1 Rg6 41. Rxg6 Bxg6 42. Kg3 Bf5 43. Rd6 g5 44. hxg5 hxg5 45. Rf6 1-0

[Event "Eileen Tranmer mem"]
[Site "Brighton Int 7th"]
[Date "1985.12.??"]
[Round "6"]
[White "Thomas, Nicholas A"]
[Black "Blackstock, Leslie Steven F"]
[Result "1/2-1/2"]
[WhiteElo "2230"]
[BlackElo "2290"]
[PlyCount "36"]
[EventDate "1985.12.12"]
[EventType "tourn"]
[EventRounds "9"]
[EventCountry "ENG"]

1. e4 c6 2. d4 d5 3. Nd2 dxe4 4. Nxe4 Nf6 5. Nxf6+ gxf6 6. Bc4 Bf5 7. Bf4 Nd7
8. Ne2 e5 9. dxe5 fxe5 10. Be3 Bg6 11. h4 h5 12. Ng3 Bc5 13. Bd3 Bxe3 14. fxe3
Qa5+ 15. c3 O-O-O 16. Bxg6 fxg6 17. O-O Qc5 18. Qe2 Qe7 1/2-1/2

[Event "Eileen Tranmer mem"]
[Site "Brighton Int 7th"]
[Date "1985.12.??"]
[Round "6"]
[White "Whiteley, Andrew J"]
[Black "Hoiberg, Nina"]
[Result "1-0"]
[WhiteElo "2370"]
[BlackElo "2180"]
[PlyCount "51"]
[EventDate "1985.12.12"]
[EventType "tourn"]
[EventRounds "9"]
[EventCountry "ENG"]

1. d4 Nf6 2. c4 c5 3. d5 e6 4. Nc3 exd5 5. cxd5 d6 6. Nf3 g6 7. Nd2 a6 8. a4
Nbd7 9. Nc4 Nb6 10. Ne3 Bd7 11. g3 Bg7 12. a5 Nc8 13. Nc4 O-O 14. Bg2 Bb5 15.
Qb3 Qd7 16. O-O h5 17. h3 h4 18. gxh4 Nh5 19. Ne4 Bxc4 20. Qxc4 Ne7 21. Rb1
Rac8 22. Bg5 Be5 23. b4 cxb4 24. Qxb4 Nxd5 25. Qxb7 Qf5 26. Ng3 1-0

[Event "Eileen Tranmer mem"]
[Site "Brighton Int 7th"]
[Date "1985.12.??"]
[Round "7"]
[White "Blackstock, Leslie Steven F"]
[Black "Whiteley, Andrew J"]
[Result "1/2-1/2"]
[WhiteElo "2290"]
[BlackElo "2370"]
[PlyCount "46"]
[EventDate "1985.12.12"]
[EventType "tourn"]
[EventRounds "9"]
[EventCountry "ENG"]

1. c4 Nf6 2. Nc3 g6 3. e4 d6 4. d4 Bg7 5. f3 O-O 6. Be3 Nc6 7. Nge2 Rb8 8. Qd2
Re8 9. g4 a6 10. h4 h5 11. gxh5 Nxh5 12. O-O-O b5 13. Rg1 bxc4 14. Ng3 Nxg3 15.
Rxg3 e5 16. Bg5 Bf6 17. Bxc4 Nxd4 18. Bxf6 Qxf6 19. h5 Be6 20. Bxe6 Rxe6 21.
hxg6 fxg6 22. Nd5 Qg7 23. f4 Qh6 1/2-1/2

[Event "Eileen Tranmer mem"]
[Site "Brighton Int 7th"]
[Date "1985.12.??"]
[Round "7"]
[White "Coull, Alison Jane"]
[Black "Hepworth, Mandy"]
[Result "1/2-1/2"]
[WhiteElo "1915"]
[BlackElo "1965"]
[PlyCount "29"]
[EventDate "1985.12.12"]
[EventType "tourn"]
[EventRounds "9"]
[EventCountry "ENG"]

1. e4 c5 2. c3 Nf6 3. e5 Nd5 4. d4 cxd4 5. Nf3 Nc6 6. cxd4 d6 7. Bc4 Nb6 8. Bb5
dxe5 9. Nxe5 Bd7 10. Bxc6 Bxc6 11. Nxc6 bxc6 12. O-O e6 13. Qg4 Qf6 14. Qe4 Nd5
15. Nd2 1/2-1/2

[Event "Eileen Tranmer mem"]
[Site "Brighton Int 7th"]
[Date "1985.12.??"]
[Round "7"]
[White "Hoiberg, Nina"]
[Black "Day, Angela"]
[Result "1-0"]
[WhiteElo "2180"]
[BlackElo "1905"]
[PlyCount "63"]
[EventDate "1985.12.12"]
[EventType "tourn"]
[EventRounds "9"]
[EventCountry "ENG"]

1. e4 g6 2. d4 Bg7 3. Nc3 c5 4. Nf3 cxd4 5. Nxd4 d6 6. Be2 Nf6 7. O-O O-O 8.
Kh1 Nc6 9. Be3 Ne5 10. f4 Neg4 11. Bg1 e5 12. Ndb5 exf4 13. Rxf4 h5 14. Qxd6
Bd7 15. Bc4 Rc8 16. Bb3 Rc6 17. Qb4 Bh6 18. Rf3 a5 19. Qd4 Qb8 20. Raf1 Bg7 21.
Rxf6 Rxf6 22. Rxf6 Bxb5 23. Rxg6 Qe5 24. Qxe5 Nxe5 25. Rxg7+ Kxg7 26. Nxb5 Rd8
27. Bd5 f5 28. Nd4 Kf6 29. Nxf5 b6 30. Bxb6 Rc8 31. Bd4 Rxc2 32. h3 1-0

[Event "Eileen Tranmer mem"]
[Site "Brighton Int 7th"]
[Date "1985.12.??"]
[Round "7"]
[White "Norwood, David"]
[Black "Jackson, Sheila"]
[Result "1-0"]
[WhiteElo "2445"]
[BlackElo "2225"]
[PlyCount "129"]
[EventDate "1985.12.12"]
[EventType "tourn"]
[EventRounds "9"]
[EventCountry "ENG"]

1. g3 g6 2. Bg2 Bg7 3. e4 e5 4. Ne2 c5 5. d3 Ne7 6. Nbc3 d6 7. O-O Nbc6 8. f4
O-O 9. Be3 Nd4 10. Qd2 Be6 11. Nd1 Rc8 12. c3 Nxe2+ 13. Qxe2 Qd7 14. Nf2 Rfd8
15. f5 gxf5 16. Qh5 f6 17. Bh3 fxe4 18. Bxe6+ Qxe6 19. dxe4 d5 20. Ng4 Rf8 21.
Bh6 Bxh6 22. Nxh6+ Kh8 23. exd5 Nxd5 24. Rae1 Ne7 25. Ng4 Ng8 26. Rf2 Qe8 27.
Qh4 Rc6 28. Ref1 Qe7 29. Rf5 Re6 30. Ne3 Rd8 31. R1f2 b5 32. Qe4 Red6 33. Ng4
Rd1+ 34. Kg2 R1d2 35. Qc6 Qd6 36. Qxb5 Rb8 {[score after this point has moves
missing - what follows is a rough reconstruction]} 37. Qc4 Rbxb2 38. Rxd2 Qxd2+
39. Kh3 Qg2+ 40. Kh4 Qc6 41. Qf7 Rb7 42. Qf8 Rg7 43. Nh6 Qe6 44. Nxg8 Rxg8 45.
Qxf6+ Qxf6+ 46. Rxf6 Re8 47. Rf3 Re6 48. Kg5 Ra6 49. Rf2 Ra3 50. Rc2 c4 51. Kf5
Ra5 52. g4 Kg7 53. h4 Kf7 54. Rb2 Ra3 55. Rb7+ Kg8 56. h5 e4 57. Rb8+ Kg7 58.
h6+ Kf7 59. Rb7+ Kg8 60. Rg7+ Kf8 61. Rxh7 Rxc3 62. Rxa7 Rh3 63. h7 c3 64. g5
c2 65. g6 1-0

[Event "Eileen Tranmer mem"]
[Site "Brighton Int 7th"]
[Date "1985.12.??"]
[Round "7"]
[White "Schiller, Eric"]
[Black "Thomas, Nicholas A"]
[Result "1/2-1/2"]
[WhiteElo "2205"]
[BlackElo "2230"]
[PlyCount "55"]
[EventDate "1985.12.12"]
[EventType "tourn"]
[EventRounds "9"]
[EventCountry "ENG"]

1. e4 e6 2. d4 d5 3. Nc3 Bb4 4. Bd2 dxe4 5. Qg4 Nf6 6. Qxg7 Rg8 7. Qh6 Qxd4 8.
O-O-O Bf8 9. Qh4 Rg4 10. Qh3 Qxf2 11. Be3 Qf5 12. Be2 Rg6 13. g4 Qe5 14. Bd4
Qg5+ 15. Be3 Qa5 16. g5 Rxg5 17. Qh4 Rg6 18. Nh3 Bd6 19. Rhf1 Be5 20. Nf4 Bxc3
21. bxc3 Nd5 22. Rxd5 exd5 23. Nxg6 Qa3+ 24. Kd2 hxg6 25. Qh8+ Qf8 26. Qe5+ Qe7
27. Qh8+ Qf8 28. Qe5+ 1/2-1/2

[Event "Eileen Tranmer mem"]
[Site "Brighton Int 7th"]
[Date "1985.12.??"]
[Round "8"]
[White "Day, Angela"]
[Black "Blackstock, Leslie Steven F"]
[Result "0-1"]
[WhiteElo "1905"]
[BlackElo "2290"]
[PlyCount "46"]
[EventDate "1985.12.12"]
[EventType "tourn"]
[EventRounds "9"]
[EventCountry "ENG"]

1. e4 e6 2. Qe2 c5 3. g3 Nc6 4. c3 g6 5. Bg2 Bg7 6. f4 Nge7 7. Nf3 O-O 8. Qf2
b6 9. d3 d5 10. O-O Ba6 11. exd5 Nxd5 12. Rd1 Qc7 13. Na3 Rad8 14. Nc2 Nde7 15.
d4 cxd4 16. cxd4 Rd7 17. g4 Rfd8 18. Be3 Nd5 19. Ne5 Nxe5 20. Bxd5 Nxg4 21. Qf3
Qxc2 22. Qxg4 Rxd5 23. Rd2 Qe4 0-1

[Event "Eileen Tranmer mem"]
[Site "Brighton Int 7th"]
[Date "1985.12.??"]
[Round "8"]
[White "Hepworth, Mandy"]
[Black "Norwood, David"]
[Result "0-1"]
[WhiteElo "1965"]
[BlackElo "2445"]
[PlyCount "96"]
[EventDate "1985.12.12"]
[EventType "tourn"]
[EventRounds "9"]
[EventCountry "ENG"]

1. e4 g6 2. d4 Bg7 3. f4 d6 4. Nf3 Nf6 5. Nc3 Nc6 6. Bd3 Bg4 7. Be3 e5 8. fxe5
dxe5 9. d5 Nd4 10. Be2 Bxf3 11. Bxf3 O-O 12. O-O c6 13. dxc6 bxc6 14. Na4 Qa5
15. b3 Rfd8 16. c3 Nf5 17. Qe2 Nxe3 18. Qxe3 Rd6 19. Rfd1 Rad8 20. Rxd6 Rxd6
21. Rd1 Bf8 22. g3 Nd7 23. Rxd6 Bxd6 24. Qd2 Qc7 25. Nb2 Be7 26. Bg4 Nc5 27.
Qc2 h5 28. Bh3 h4 29. Nc4 hxg3 30. hxg3 Kg7 31. b4 Nb7 32. Qa4 c5 33. b5 Nd6
34. Nxd6 Bxd6 35. Qc4 Qe7 36. Qd5 Bb8 37. Qd2 Qf6 38. Kg2 Bc7 39. Bd7 c4 40.
Bc6 Bb6 41. Bd5 Qd6 42. Qe2 Qc5 43. Qf1 f5 44. Bxc4 f4 45. gxf4 exf4 46. Bd5 g5
47. c4 g4 48. Qe1 Qa3 0-1

[Event "Eileen Tranmer mem"]
[Site "Brighton Int 7th"]
[Date "1985.12.??"]
[Round "8"]
[White "Jackson, Sheila"]
[Black "Hoiberg, Nina"]
[Result "1-0"]
[WhiteElo "2225"]
[BlackElo "2180"]
[PlyCount "83"]
[EventDate "1985.12.12"]
[EventType "tourn"]
[EventRounds "9"]
[EventCountry "ENG"]

1. e4 e5 2. Nf3 Nc6 3. Bb5 f5 4. Nc3 fxe4 5. Nxe4 Nf6 6. Nxf6+ Qxf6 7. O-O Be7
8. Bxc6 dxc6 9. Qe1 e4 10. Qxe4 Bf5 11. Qc4 Be6 12. Qc3 O-O 13. Qxf6 Rxf6 14.
d3 Bd6 15. Ng5 Bd7 16. Ne4 Rg6 17. Kh1 Be7 18. Bf4 Rf8 19. Bxc7 h5 20. Rae1 h4
21. h3 Rf7 22. Bb8 a6 23. Re2 Rf8 24. Ba7 Bd8 25. Bc5 Rf5 26. Rfe1 b6 27. Bd6
Rf7 28. Be5 Be7 29. d4 Be6 30. b3 Bd5 31. f4 b5 32. c3 Rf5 33. Rc1 Bf6 34. Nd6
Bxe5 35. Nxf5 Bxf4 36. Ne7+ Kh7 37. Nxg6 Bxc1 38. Nxh4 a5 39. c4 bxc4 40. bxc4
Bf7 41. Nf3 Bf4 42. Ne5 1-0

[Event "Eileen Tranmer mem"]
[Site "Brighton Int 7th"]
[Date "1985.12.??"]
[Round "8"]
[White "Schiller, Eric"]
[Black "Coull, Alison Jane"]
[Result "0-1"]
[WhiteElo "2205"]
[BlackElo "1915"]
[PlyCount "83"]
[EventDate "1985.12.12"]
[EventType "tourn"]
[EventRounds "9"]
[EventCountry "ENG"]

1. d4 e6 2. Nf3 Nf6 3. c4 d5 4. g3 Be7 5. Bg2 O-O 6. Qc2 dxc4 7. Qxc4 Bd7 8.
Bf4 Bc6 9. Nbd2 Nbd7 10. Qc2 Nd5 11. a3 Nxf4 12. gxf4 Nf6 13. e3 a5 14. Rg1 Nd5
15. Ne5 Bb5 16. Bh3 f5 17. Ndf3 Rc8 18. Ng5 Bd7 19. Qd2 a4 20. Rc1 Rf6 21. Qe2
Be8 22. Nxe6 Rxe6 23. Bxf5 Rb6 24. Qg4 g6 25. Bxc8 Nf6 26. Qe2 Qxc8 27. Qc4+
Kf8 28. Rc2 Bd6 29. f3 Rb3 30. Qe2 Nd5 31. Qf2 Rxe3+ 32. Kd1 Qf5 33. Rg4 Bxe5
34. dxe5 Qd3+ 35. Kc1 Rxf3 36. Qc5+ Kg7 37. Rg1 Rf1+ 38. Rxf1 Qxf1+ 39. Kd2
Qxf4+ 40. Kd3 Qxe5 41. Rf2 Nf4+ 42. Rxf4 0-1

[Event "Eileen Tranmer mem"]
[Site "Brighton Int 7th"]
[Date "1985.12.??"]
[Round "8"]
[White "Thomas, Nicholas A"]
[Black "Whiteley, Andrew J"]
[Result "1/2-1/2"]
[WhiteElo "2230"]
[BlackElo "2370"]
[PlyCount "67"]
[EventDate "1985.12.12"]
[EventType "tourn"]
[EventRounds "9"]
[EventCountry "ENG"]

1. e4 c5 2. Nc3 Nc6 3. g3 g6 4. Bg2 Bg7 5. d3 d6 6. Be3 e5 7. Qd2 Nge7 8. f4
exf4 9. gxf4 O-O 10. Nge2 Nd4 11. Ng3 f5 12. O-O Rb8 13. Nd5 Nxd5 14. exd5 Nb5
15. c3 b6 16. Ne2 Nc7 17. Rab1 Re8 18. Bf2 Ba6 19. Rfe1 Qd7 20. b4 c4 21. a4
cxd3 22. Nd4 Bxd4 23. Bxd4 Qxa4 24. c4 Bxc4 25. Rbc1 Qb3 26. Ba1 Rxe1+ 27. Qxe1
Re8 28. Qf2 Nb5 29. Re1 Kf7 30. Rxe8 Kxe8 31. Qe1+ Kd7 32. Qe6+ Kc7 33. Qe7+
Kb8 34. Qe8+ 1/2-1/2

[Event "Eileen Tranmer mem"]
[Site "Brighton Int 7th"]
[Date "1985.12.18"]
[Round "9"]
[White "Coull, Alison Jane"]
[Black "Thomas, Nicholas A"]
[Result "0-1"]
[WhiteElo "1915"]
[BlackElo "2230"]
[PlyCount "70"]
[EventDate "1985.12.12"]
[EventType "tourn"]
[EventRounds "9"]
[EventCountry "ENG"]

1. e4 e6 2. d4 d5 3. Nd2 Nf6 4. e5 Nfd7 5. Bd3 c5 6. c3 Nc6 7. Ne2 cxd4 8. cxd4
f6 9. exf6 Nxf6 10. O-O Bd6 11. Nf3 Qc7 12. Nc3 a6 13. h3 O-O 14. Be3 Bd7 15.
Rc1 Be8 16. Ng5 Qe7 17. Na4 h6 18. Nf3 Bh5 19. Be2 Ne4 20. Nd2 Bxe2 21. Qxe2
Nxd2 22. Qxd2 Rae8 23. Nc5 e5 24. dxe5 Qxe5 25. g3 d4 26. Bf4 Qd5 27. Bxd6 Qxd6
28. Nxb7 Qd7 29. Nc5 Qxh3 30. Nxa6 Ne5 31. f4 Qxg3+ 32. Qg2 Qe3+ 33. Kh1 Rf5
34. Qh2 Ng4 35. Qh4 Rxf4 0-1

[Event "Eileen Tranmer mem"]
[Site "Brighton Int 7th"]
[Date "1985.12.18"]
[Round "9"]
[White "Hoiberg, Nina"]
[Black "Hepworth, Mandy"]
[Result "0-1"]
[WhiteElo "2180"]
[BlackElo "1965"]
[PlyCount "94"]
[EventDate "1985.12.12"]
[EventType "tourn"]
[EventRounds "9"]
[EventCountry "ENG"]

1. e4 c5 2. Nf3 d6 3. d4 cxd4 4. Nxd4 Nf6 5. Nc3 a6 6. Bg5 e6 7. f4 Be7 8. Qf3
Qc7 9. O-O-O Nbd7 10. g4 b5 11. Bxf6 Nxf6 12. g5 Nd7 13. f5 Nc5 14. f6 gxf6 15.
gxf6 Bf8 16. Rg1 Bd7 17. Bh3 O-O-O 18. Rg3 Qb7 19. b4 Na4 20. Nxa4 bxa4 21. a3
Bh6+ 22. Kb2 Rdg8 23. Qh5 Rg6 24. Qa5 Kb8 25. Bf1 Bf4 26. Bxa6 Qc7 27. Qxc7+
Kxc7 28. Nb5+ Bxb5 29. Rxg6 Bxa6 30. Rg7 Rf8 31. Rxh7 Be5+ 32. Kb1 Bxf6 33. Rd2
Kd7 34. Rh5 Kc6 35. Ra5 Bc4 36. Rg2 Rh8 37. Rxa4 Bd4 38. Ra5 e5 39. a4 Rh3 40.
b5+ Kc5 41. Rg3 Rxh2 42. c3 Rh1+ 43. Kb2 Rh2+ 44. Kb1 Ba2+ 45. Kc1 Bxc3 46. Ra6
Kb4 47. Rc6 Rh1+ 0-1

[Event "Eileen Tranmer mem"]
[Site "Brighton Int 7th"]
[Date "1985.12.18"]
[Round "9"]
[White "Norwood, David"]
[Black "Schiller, Eric"]
[Result "1/2-1/2"]
[WhiteElo "2445"]
[BlackElo "2205"]
[PlyCount "27"]
[EventDate "1985.12.12"]
[EventType "tourn"]
[EventRounds "9"]
[EventCountry "ENG"]

1. g3 Nf6 2. Bg2 e6 3. d3 d5 4. Nf3 Be7 5. Nbd2 Nc6 6. b3 O-O 7. Bb2 Re8 8. O-O
Bf8 9. c4 a5 10. a3 d4 11. Qc2 e5 12. c5 Be6 13. e4 Nd7 14. Ne1 1/2-1/2

[Event "Eileen Tranmer mem"]
[Site "Brighton Int 7th"]
[Date "1985.12.18"]
[Round "9"]
[White "Whiteley, Andrew J"]
[Black "Day, Angela"]
[Result "1-0"]
[WhiteElo "2370"]
[BlackElo "1905"]
[PlyCount "91"]
[EventDate "1985.12.12"]
[EventType "tourn"]
[EventRounds "9"]
[EventCountry "ENG"]

1. d4 Nf6 2. c4 c5 3. d5 d6 4. Nc3 g6 5. Nf3 Bg7 6. g3 O-O 7. Bg2 e6 8. O-O
exd5 9. cxd5 Bf5 10. Nd2 Qd7 11. Re1 Bh3 12. Bh1 b5 13. a4 b4 14. Nce4 Nxe4 15.
Nxe4 h6 16. Bxh6 Qe7 17. Bxg7 Kxg7 18. Nxc5 a5 19. Qd4+ Kg8 20. Nb3 Rc8 21.
Rac1 Nd7 22. Bf3 Nf8 23. Rxc8 Rxc8 24. Qb6 Qc7 25. Qxc7 Rxc7 26. Rc1 Rxc1+ 27.
Nxc1 Nd7 28. Nb3 Nb6 29. Nxa5 Nxa4 30. Nc4 Kf8 31. e4 Ke7 32. Bd1 Nc5 33. f3
Bd7 34. Kf2 Bb5 35. Be2 Na4 36. b3 Nc3 37. Bd3 Na2 38. Nb2 Nc3 39. Bxb5 Nxb5
40. Ke3 Nc3 41. Nd3 f5 42. Nxb4 fxe4 43. fxe4 Nd1+ 44. Kd4 Nf2 45. Nd3 Ng4 46.
h3 1-0